[Event "3rd ch-GER Internet Blitz Candidates"]
[Site "playchess INT"]
[Date "2005.04.02"]
[Round "1"]
[White "Kostic,Vl"]
[Black "Gaede,D"]
[Result "1-0"]
[WhiteElo "2439"]
[BlackElo "2194"]

1.Nf3 Nf6 2.c4 g6 3.Nc3 Bg7 4.e4 d6 5.d4 O-O 6.Be2 Qe8 7.O-O e5 8.d5 a5 9.Bg5 Na6
10.Bd3 Nd7 11.Qd2 Ndc5 12.Bc2 Bd7 13.Rae1 Rb8 14.b3 f5 15.exf5 gxf5 16.Bh6 Qh5
17.Bxg7 Kxg7 18.Qg5+ Qxg5 19.Nxg5 h6 20.Nf3 Nb4 21.Bb1 Rbe8 22.Nh4 e4 23.g3 Nbd3
24.Rd1 b6 25.Ng2 Ne5 26.Nh4 Ncd3 27.f4 Ng4 28.Bxd3 exd3 29.Rxd3 Re7 30.h3 Nf6
31.Nf3 Rfe8 32.Nd4 Re3 33.Rf3 Re1+ 34.Rf1 R1e3 35.Rfd1 Re1+ 36.Kf2 R1e7 37.R1d2 Re1
38.Ne6+ Bxe6 39.Kxe1 Bxd5+ 40.Kf2 Bc6 41.Re3 Ne4+ 42.Nxe4 Bxe4 43.g4 Kf6
44.Kg3 Re6 45.Rde2 c6 46.Rd2 d5 47.cxd5 cxd5 48.Rc3 Rd6 49.Rd4 b5 50.Rc5 Rb6
51.Kf2 Ke6 52.Ke3 Kd6 53.Rc8 a4 54.b4 Bb1 55.a3 Be4 56.Rd1 Kd7 57.Rc5 Kd6
58.Kd4 Rb8 59.Rdc1 Rb7 60.Rc6+ Kd7 61.Rxh6 Rb8 62.g5 Re8 63.Rh7+ Kd6 64.Rhc7 Bc2
65.R1xc2 Re4+ 66.Kd3 Rc4 67.R2xc4 dxc4+ 68.Rxc4  1-0

[Event "3rd ch-GER Internet Blitz Candidates"]
[Site "playchess INT"]
[Date "2005.04.02"]
[Round "6"]
[White "Seel,C"]
[Black "Brener,I"]
[Result "1-0"]
[WhiteElo "2477"]
[BlackElo "2321"]

1.Nf3 Nf6 2.c4 g6 3.Nc3 Bg7 4.e4 d6 5.d4 O-O 6.Be2 e5 7.dxe5 dxe5 8.Qxd8 Rxd8
9.Bg5 Re8 10.Nd5 Nxd5 11.cxd5 c6 12.Bc4 cxd5 13.Bxd5 Nc6 14.O-O-O Be6 15.Bxe6 Rxe6
16.Rd7 f6 17.Be3 Re7 18.Rhd1 Kf7 19.Bc5 Rxd7 20.Rxd7+ Kg8 21.Rxb7 Rc8 22.Kb1 a5
23.a3 a4 24.Ka2 Na5 25.Rb5 Nb3 26.Be3 Bf8 27.Nd2 Nxd2 28.Bxd2 Rc2 29.Rd5 Kf7
30.Kb1 Rc8 31.Bc3 Bxa3 32.Rd7+ Ke6 33.Ra7 Bc5 34.Ra6+ Kf7 35.f3 a3 36.bxa3 Bg1
37.Bb4 Bxh2 38.Ra7+ Kg8 39.Rb7 f5 40.a4 Bg1 41.a5 Ra8 42.Kc2 Rc8+ 43.Kb3 fxe4
44.fxe4 Bd4 45.Ka4 h5 46.Bd6 Rc2 47.g3 Ra2+ 48.Kb5 g5 49.Re7 h4 50.gxh4 gxh4
51.Bxe5 Bxe5 52.Rxe5 h3 53.Rh5 h2 54.a6 Kg7 55.Kb6 Kg6 56.Rh8 Kg5 57.a7 Rb2+
58.Kc6 Ra2 59.Kb7 Rb2+ 60.Kc6 Ra2 61.Kb6 Rb2+ 62.Kc5 Ra2 63.Rxh2 Rxa7 64.Rf2 Rd7
65.e5 Rd1 66.e6 Kg6 67.Kc6 Kg7 68.e7 Re1 69.Kd7 Rd1+ 70.Ke8 Rd3 71.Rg2+ Kf6
72.Kf8 Re3 73.e8=Q Rxe8+ 74.Kxe8 Kf5 75.Rg7 Kf4 76.Re7 Kf5 77.Kd7 Kf6 78.Re6+ Kf5
79.Kd6 Kf4 80.Kd5 Kg4 81.Re5 Kf4 82.Kd4 Kf3 83.Rf5+ Kg2 84.Ke3 Kg3 85.Rf4 Kh3
86.Kf3 Kh2 87.Rg4 Kh3 88.Rf4 Kh2 89.Kf2 Kh3 90.Re4 Kh2 91.Rh4+  1-0

[Event "3rd ch-GER Internet Blitz Candidates"]
[Site "playchess INT"]
[Date "2005.04.02"]
[Round "14"]
[White "Lentrodt,T"]
[Black "Rachut,S"]
[Result "0-1"]
[WhiteElo "2292"]
[BlackElo "2068"]

1.d4 Nf6 2.c4 g6 3.Nc3 Bg7 4.e4 d6 5.Nf3 O-O 6.Be2 Na6 7.O-O e5 8.d5 Nc5
9.Nd2 a5 10.f3 Nh5 11.Nb3 Nxb3 12.axb3 f5 13.b4 b6 14.bxa5 bxa5 15.b4 Nf4
16.bxa5 Qg5 17.g3 Nxe2+ 18.Qxe2 Qe7 19.Be3 Ba6 20.Rfb1 f4 21.Bf2 fxg3 22.hxg3 Rf7
23.Nb5 Raf8 24.Ra3 Qg5 25.Kg2 h5 26.Be3 Qf6 27.Bd2 g5 28.Rh1 g4 29.Rf1 h4
30.f4 exf4 31.Bxf4 Qg6 32.Rh1 h3+ 33.Kh2 Be5 34.Rf1 Bxf4 35.Rxf4 Rxf4 36.gxf4 Rxf4
37.Nxc7 Rxe4 38.Qf2 Bxc4 39.Ne6 Re2 40.Qxe2 Bxe2 41.a6 Bxa6 42.Rxa6 Qc2+
43.Kg3 Qg2+ 44.Kh4 h2 45.Ra8+ Kf7 46.Ra7+ Kf6  0-1

[Event "2nd K41 Int"]
[Site "Copenhagen DEN"]
[Date "2005.04.05"]
[Round "4"]
[White "Pedersen,Ch"]
[Black "Bekker Jensen,S"]
[Result "1/2-1/2"]
[WhiteElo "2396"]
[BlackElo "2379"]

1.Nf3 Nf6 2.c4 g6 3.Nc3 Bg7 4.e4 d6 5.d4 O-O 6.Be2 e5 7.O-O Na6 8.Be3 Ng4
9.Bg5 Qe8 10.dxe5 dxe5 11.h3 h6 12.Bd2 Nf6 13.Be3 Qe7 14.Nd5 Qd8 15.Nxf6+ Qxf6
16.c5 Nb8 17.b4 Nc6 18.b5 Rd8 19.Qc1 Nd4 20.Bxd4 exd4 21.Bd3 a6 22.bxa6 bxa6
23.Rb1 Qc6 24.Qc2 Be6 25.Rb4 Rab8 26.Rfb1 Rxb4 27.Rxb4 Bf8 28.Rxd4 Rb8 29.Ra4 Qxc5
30.Rxa6 Qxc2 31.Bxc2 Rb2 32.Rc6 Rxa2 33.e5 Ra1+ 34.Kh2 Ra7 35.Be4 Bd7 36.Rc2 c5
37.Bd5 Bf5 38.Rc3 Rd7 39.Bc4 Bg7 40.Re3 Re7 41.g4 Bc8 42.Bd5 Kf8 43.Kg3 Rd7  1/2-1/2

[Event "East Bay CC GM"]
[Site "Berkley USA"]
[Date "2005.04.06"]
[Round "10"]
[White "Atalik,S"]
[Black "Sharavdorj,D"]
[Result "1-0"]
[WhiteElo "2560"]
[BlackElo "2453"]

1.d4 Nf6 2.c4 g6 3.Nc3 Bg7 4.e4 d6 5.Nf3 O-O 6.Be2 e5 7.Be3 Ng4 8.Bg5 f6
9.Bc1 exd4 10.Nxd4 f5 11.h3 Ne5 12.exf5 gxf5 13.Nd5 Ng6 14.O-O Nc6 15.Nb5 Rf7
16.Bh5 a6 17.Nbc3 Qh4 18.Re1 Nce5 19.f4 Nxc4 20.Re8+ Bf8 21.b3 Na5 22.Be3  1-0

[Event "7th UI&UL GM"]
[Site "Dhaka BAN"]
[Date "2005.04.06"]
[Round "2"]
[White "Roktim,B"]
[Black "Hasan Md,E"]
[Result "1-0"]
[WhiteElo "2389"]
[BlackElo "2162"]

1.d4 Nf6 2.Nf3 g6 3.c4 Bg7 4.Nc3 O-O 5.e4 d6 6.Be2 e5 7.Be3 Nc6 8.d5 Ne7
9.Nd2 c5 10.g4 Ne8 11.g5 Bh3 12.Rg1 f6 13.gxf6 Nxf6 14.Rg3 Bd7 15.h4 a6 16.a4 Rb8
17.Rb1 Qa5 18.Qb3 h6 19.Qa3 Qb4 20.Qxb4 cxb4 21.Na2 Bxa4 22.b3 Bd7 23.Nxb4 a5
24.Na2 b6 25.Nc3 Kh7 26.Nb5 Bxb5 27.cxb5 Nd7 28.Nc4 Rf6 29.h5 g5 30.Bg4 Nc5
31.Bxc5 bxc5 32.b6 Bf8 33.Ra1 Nc8 34.Bxc8 Rxc8 35.Rxa5 Rf7 36.Ke2 Rb7 37.Rg1 Rcb8
38.Ra7 Kg8 39.Rxb7 Rxb7 40.Ra1 Rb8 41.Ra7 Bg7 42.b7 Kh7 43.Na5  1-0

[Event "ch-RUS u18"]
[Site "Nojabrsk RUS"]
[Date "2005.04.07"]
[Round "2"]
[White "Vitiugov,N"]
[Black "Krutko,A"]
[Result "1-0"]
[WhiteElo "2482"]
[BlackElo "2358"]

1.d4 Nf6 2.c4 g6 3.Nc3 Bg7 4.e4 d6 5.Nf3 O-O 6.Be2 e5 7.O-O exd4 8.Nxd4 Re8
9.f3 Nc6 10.Nc2 Ne5 11.Ne3 c6 12.Kh1 h5 13.Bd2 Qe7 14.Be1 Nh7 15.f4 Nd7 16.Bxh5 gxh5
17.Nf5 Qf8 18.Nxd6 Rd8 19.e5 Nc5 20.Qxh5 Rxd6 21.exd6 Qxd6 22.Rd1 Qf8 23.f5 Nf6
24.Qh4 b5 25.Bg3 Nb7 26.Be5 Qe7 27.Bd4 c5 28.Rfe1 Qxe1+ 29.Rxe1 cxd4 30.Nd5  1-0

[Event "Belgrade Cup"]
[Site "Belgrade SCG"]
[Date "2005.04.08"]
[Round "4"]
[White "Mijailovic,Z"]
[Black "Blesic,V"]
[Result "1/2-1/2"]
[WhiteElo "2393"]
[BlackElo "2254"]

1.d4 Nf6 2.Nf3 g6 3.c4 Bg7 4.Nc3 O-O 5.e4 d6 6.Be2 e5 7.Be3 exd4 8.Nxd4 c6
9.Qd2 Re8 10.f3 d5 11.exd5 cxd5 12.c5 Qe7 13.Bf2 Nbd7 14.b4 a5 15.Ncb5 Ne5
16.Nd6 Nc4 17.Nxc4 dxc4 18.O-O axb4 19.Bxc4 Qxc5 20.Rac1 Qf8 21.Rb1 Rd8 22.Qxb4 Qxb4
23.Rxb4 Nd5 24.Bxd5 Rxd5 25.Rc1 Bd7 26.Rc2 h6 27.h3 Be5 28.g4 Ra4 29.Rxa4 Bxa4
30.Rd2 Bb5 31.Be3 Bc4 32.Nb3 Rxd2 33.Bxd2 h5 34.Kg2 Bd5 35.Nc1 Kg7 36.Nd3 Bd4
37.a3 hxg4 38.hxg4  1/2-1/2

[Event "7th UI&UL GM"]
[Site "Dhaka BAN"]
[Date "2005.04.08"]
[Round "4"]
[White "Islam,Kh"]
[Black "Hossain,Enam"]
[Result "0-1"]
[WhiteElo "2312"]
[BlackElo "2453"]

1.d4 Nf6 2.Nf3 g6 3.c4 Bg7 4.Nc3 O-O 5.e4 d6 6.Be2 e5 7.Be3 exd4 8.Nxd4 Re8
9.f3 c6 10.Bf2 d5 11.exd5 cxd5 12.c5 Nc6 13.Qd2 Nh5 14.O-O Be5 15.g3 Ng7
16.Ncb5 a6 17.Nxc6 bxc6 18.Nd4 Qf6 19.Rad1 Nf5 20.Rfe1 Ra7 21.Nxf5 Bxf5 22.Bd3 Bd7
23.f4 Bxb2 24.Rxe8+ Bxe8 25.Qb4 a5 26.Qb6 Ra8 27.Ba6 Bd7 28.Bb7 Rf8 29.Qxa5 Bg4
30.Rb1 Bf5 31.Rd1 Bc2 32.Rf1 d4 33.Qb6 d3 34.Bxc6 Bd4 35.Bf3 Bxf2+ 36.Rxf2 Qc3
37.Qd6 Qa5 38.c6 Rd8 39.Qe5 Qxe5 40.fxe5 d2 41.c7 d1=Q+ 42.Bxd1 Rxd1+ 43.Rf1 Rxf1+
44.Kxf1 Bf5 45.Kf2 Kf8 46.a4 Ke7 47.Ke3 Kd7  0-1

[Event "ch-RUS u18"]
[Site "Nojabrsk RUS"]
[Date "2005.04.09"]
[Round "4"]
[White "Tomilin,Al"]
[Black "Demin,V1"]
[Result "1/2-1/2"]
[WhiteElo "2327"]
[BlackElo "2358"]

1.d4 Nf6 2.c4 g6 3.Nc3 Bg7 4.e4 d6 5.Nf3 O-O 6.Be2 e5 7.d5 a5 8.O-O Na6 9.Ne1 Nc5
10.f3 Bd7 11.g4 Ne8 12.Nd3 b6 13.Be3 f5 14.Nxc5 bxc5 15.Kg2 Rb8 16.Rb1 Qh4  1/2-1/2

[Event "ch-RUS u18"]
[Site "Nojabrsk RUS"]
[Date "2005.04.09"]
[Round "4"]
[White "Nechepurenko,R"]
[Black "Lovkov,R"]
[Result "1/2-1/2"]
[WhiteElo "2402"]
[BlackElo "2351"]

1.d4 Nf6 2.c4 g6 3.Nc3 Bg7 4.e4 d6 5.Nf3 O-O 6.Be2 e5 7.O-O exd4 8.Nxd4 Re8
9.f3 Nc6 10.Be3 Nh5 11.g4 Be5 12.gxh5 Bxh2+ 13.Kxh2 Qh4+ 14.Kg1 Qg3+ 15.Kh1 Re5
16.f4 Qh3+ 17.Kg1 Qg3+ 18.Kh1 Rxh5+  1/2-1/2

[Event "ch-VIE Places"]
[Site "Hue VIE"]
[Date "2005.04.12"]
[Round "1.2"]
[White "Le Quang Liem"]
[Black "Nguyen Van Huy"]
[Result "1-0"]
[WhiteElo "2349"]
[BlackElo "2344"]

1.d4 Nf6 2.c4 g6 3.Nc3 Bg7 4.e4 d6 5.Be2 O-O 6.Nf3 e5 7.O-O Nbd7 8.Re1 c6
9.Bf1 a5 10.Be3 Ng4 11.Bg5 Bf6 12.Bxf6 Qxf6 13.d5 Qe7 14.dxc6 bxc6 15.a3 Nc5
16.b4 Ne6 17.Qd2 Bb7 18.Na4 axb4 19.axb4 c5 20.bxc5 Nxc5 21.Nxc5 dxc5 22.Bd3 Rxa1
23.Rxa1 Rd8 24.Qc3 f6 25.Bc2 Nh6 26.h4 Nf7 27.h5 Kg7 28.Qe3 Ra8 29.Rd1 g5
30.Nh2 Nd8 31.h6+ Kf7 32.Qh3 Ne6 33.Qf5 Kg8 34.Ng4 Rf8 35.Ne3 Nd4 36.Qh3 Rd8
37.Bd3 Bc8 38.Qh5 Be6 39.Rb1 Qc7 40.Nd5 Bxd5 41.exd5 Qe7 42.Be4 f5 43.d6 Qf6
44.Bd5+ Kh8 45.Rb7 Qg6 46.Bf7 Qxh5 47.Bxh5 Kg8 48.Rg7+ Kh8 49.d7 Nc6 50.Bf7 g4
51.Bd5 Nb8 52.Be6 f4 53.Bxg4 Nc6 54.Bf5 Rf8 55.Rxh7+ Kg8 56.Rg7+ Kh8 57.Be4 Nd8
58.Re7  1-0

[Event "ch-RUS u18"]
[Site "Nojabrsk RUS"]
[Date "2005.04.14"]
[Round "9"]
[White "Demin,V1"]
[Black "Lavrov,Ma1"]
[Result "1/2-1/2"]
[WhiteElo "2358"]
[BlackElo "2344"]

1.d4 Nf6 2.Nf3 g6 3.c4 Bg7 4.Nc3 d6 5.e4 O-O 6.Be2 e5 7.d5 a5 8.Bg5 h6 9.Bh4 Na6
10.Nd2 Qe8 11.Rb1 Bd7 12.b3 Nh7 13.a3 h5 14.f3 Bh6 15.O-O Be3+ 16.Kh1 f5
17.exf5 Bxf5 18.Nde4 Nc5 19.b4 axb4 20.axb4 Nxe4 21.fxe4 Bd7 22.Rxf8+ Qxf8
23.Qb3 Qf4 24.Bg3 Qg5 25.Nb5 Bxb5 26.cxb5 Bb6 27.Rf1 Rf8 28.Bf3 Nf6 29.Qd3 Ng4
30.Bxg4 Rxf1+ 31.Qxf1  1/2-1/2

[Event "Spring Inv"]
[Site "Chicago USA"]
[Date "2005.04.16"]
[Round "2"]
[White "Kraai,J"]
[Black "Matikozian,A"]
[Result "1-0"]
[WhiteElo "2416"]
[BlackElo "2515"]

1.Nf3 Nf6 2.c4 g6 3.Nc3 Bg7 4.e4 d6 5.d4 O-O 6.Be2 e5 7.dxe5 dxe5 8.Qxd8 Rxd8
9.Bg5 Na6 10.Nd5 Rd6 11.Nxf6+ Bxf6 12.Bxf6 Rxf6 13.Rd1 Bg4 14.Nxe5 Bxe2 15.Kxe2 Re8
16.Nd7 Rxe4+ 17.Kd3 Rfe6 18.Nf6+ Rxf6 19.Kxe4 Rxf2 20.Ke3 Rxg2 21.Rd2 Rxd2
22.Kxd2 Nc5 23.Re1 Ne6 24.b4 a6 25.c5 c6 26.Kc3 Kf8 27.Kb3 Nc7 28.Ka4 Nd5
29.Ka5 f5 30.a4 f4 31.b5 axb5 32.axb5 g5 33.Re5 Kf7 34.Rxg5 Ke6 35.Rg7 Nc3
36.bxc6 bxc6 37.Kb6 Kd5 38.Rd7+ Ke4 39.Kxc6 f3 40.Re7+ Kd3 41.Rxh7 f2 42.Rf7 Ke2
43.h4  1-0

[Event "Extraliga CZE 2004-5"]
[Site "Czech Rep CZE"]
[Date "2005.04.16"]
[Round "10"]
[White "Ftacnik,L"]
[Black "Rasik,V"]
[Result "1-0"]
[WhiteElo "2540"]
[BlackElo "2464"]

1.d4 Nf6 2.Nf3 g6 3.c4 Bg7 4.Nc3 O-O 5.e4 d6 6.Be2 e5 7.Be3 exd4 8.Nxd4 Re8
9.f3 Nc6 10.O-O Nh5 11.Qd2 f5 12.Rad1 f4 13.Bf2 Be5 14.Nd5 Ng3 15.Rfe1 Nxe2+
16.Rxe2 Nxd4 17.Bxd4 Be6 18.Bxe5 dxe5 19.Qc2 Bxd5 20.exd5 Qe7 21.c5 Rad8
22.Red2 e4 23.d6 cxd6 24.cxd6 Qe6 25.d7 Rf8 26.Qxe4 Qxe4 27.fxe4 Kf7 28.Kf2 Ke7
29.Kf3 g5 30.Rd5 Rg8 31.Rd6 g4+ 32.Kxf4 g3 33.h3 Rdf8+ 34.Ke3 Kd8 35.Rc1  1-0

[Event "Extraliga CZE 2004-5"]
[Site "Czech Rep CZE"]
[Date "2005.04.17"]
[Round "11"]
[White "Frolik,M"]
[Black "Michalek,J"]
[Result "1/2-1/2"]
[WhiteElo "2303"]
[BlackElo "2371"]

1.d4 g6 2.c4 Bg7 3.Nf3 d6 4.Nc3 Nf6 5.e4 O-O 6.Be2 e5 7.O-O exd4 8.Nxd4 Re8
9.f3 c6 10.Nc2 Na6 11.Kh1 Be6 12.Ne3 Nc5 13.Qc2 a5 14.Bd2 h5 15.Rae1 h4  1/2-1/2

[Event "Open"]
[Site "Metz FRA"]
[Date "2005.04.18"]
[Round "3"]
[White "Shchekachev,A"]
[Black "Laurent,B"]
[Result "1-0"]
[WhiteElo "2526"]
[BlackElo "2358"]

1.Nf3 Nf6 2.c4 g6 3.Nc3 Bg7 4.e4 d6 5.d4 O-O 6.Be2 e5 7.Be3 Na6 8.O-O Ng4
9.Bg5 Qe8 10.h3 exd4 11.Nxd4 h6 12.Bf4 Nf6 13.Bd3 Nc5 14.Bc2 Ne6 15.Be3 Nxd4
16.Bxd4 Be6 17.c5 Qd8 18.cxd6 cxd6 19.Re1 a6 20.Qd2 Rc8 21.Rad1 b5 22.Bb1 Rc4
23.Ne2 Re8 24.b3 Rc6 25.Be3 Bd7 26.Nd4 Rc8 27.Bxh6 Bxh6 28.Qxh6 Qa5 29.Nf3 Re6
30.e5  1-0

[Event "Open"]
[Site "Metz FRA"]
[Date "2005.04.21"]
[Round "6"]
[White "Taddei,B"]
[Black "Ivanov,J"]
[Result "0-1"]
[WhiteElo "2315"]
[BlackElo "2350"]

1.d4 Nf6 2.c4 d6 3.Nc3 e5 4.Nf3 Nbd7 5.e4 g6 6.Be2 Bg7 7.O-O O-O 8.Re1 c6
9.Rb1 exd4 10.Nxd4 Re8 11.Bf1 Nc5 12.f3 d5 13.e5 Nh5 14.f4 f6 15.e6 f5 16.cxd5 cxd5
17.g3 Nf6 18.Bb5 Re7 19.Re5 Nxe6 20.Be3 Nc7 21.Nf3 Ng4 22.Rxe7 Qxe7 23.Bd4 Be6
24.Qd3 Nf6 25.Ba4 Ne4 26.Rc1 Rd8 27.Bb3 Bxd4+ 28.Qxd4 b6 29.Nxe4 fxe4 30.Qe5 Rd7
31.Ng5 Bf7 32.Nxf7 Kxf7 33.Qh8 Ne6 34.Qxh7+ Ng7 35.Qh3 Qe6 36.Qg2 Nf5 37.Re1 Kg7
38.Qd2 Qe7 39.Qc3+ d4 40.Qc4 Rd8 41.g4 Nh4 42.Kf2 e3+ 43.Kg3 g5 44.f5 Qb7
45.f6+ Kh6 46.Qf1 Qc7+ 47.Kh3 Ng6 48.Kg2 Nf4+ 49.Kg1 Qc6 50.h4 Qxf6 51.Qf3 gxh4
52.Rc1 Kg5 53.Bd1 Nh3+ 54.Qxh3 Qf2+ 55.Kh1 Qe1+ 56.Kh2 Rf8  0-1

[Event "2nd Open"]
[Site "Porto Carras GRE"]
[Date "2005.04.22"]
[Round "1"]
[White "Pavlidou,E"]
[Black "Obodchuk,A"]
[Result "0-1"]
[WhiteElo "1903"]
[BlackElo "2442"]

1.d4 Nf6 2.c4 g6 3.Nc3 Bg7 4.e4 d6 5.Nf3 O-O 6.Be2 e5 7.dxe5 dxe5 8.Qxd8 Rxd8
9.Bg5 Re8 10.O-O-O Na6 11.Rhe1 c6 12.h3 Nc5 13.Bf1 Ne6 14.Be3 Nd7 15.b4 Bf8
16.c5 h5 17.Kb1 Rb8 18.Bc4 b6 19.Bxe6 Rxe6 20.Kc2 bxc5 21.bxc5 Nxc5 22.Rd8 Nb7
23.Rb1 Re7 24.Nxe5 Ra8 25.Rxf8+ Kxf8 26.Nxc6 Rc7 27.Nb4 Be6 28.Kd2 Na5 29.Bf4 Rd8+
30.Nbd5 Rb7 31.Rxb7 Nxb7 32.Ke3 f5 33.f3 fxe4 34.fxe4 Kf7 35.Kd4 Rc8 36.h4 Nd8
37.Nc7 Bd7 38.Kd3 Ne6 39.Nxe6 Bxe6 40.a3 Rd8+ 41.Ke3 Bc4 42.Be5 Rd3+ 43.Kf4 Ke6
44.g3 Rd2 45.Bh8 Rb2 46.Bd4 Rb3 47.a4 a6 48.g4 hxg4 49.Kxg4 Bd3 50.Kf4 Ra3
51.Kg5 Kf7 52.e5 Ke6 53.Kf4 Bc2 54.Kg5 Rb3 55.Ne2 Kd5 56.Ba1 Re3 57.Nf4+ Kc6
58.a5 Rg3+ 59.Kf6 Rf3 60.Kg5 Ra3 61.Bb2 Rxa5 62.Nxg6 Ra2 63.Bd4 Kd5 64.Bc3 Bxg6
65.Kxg6 Rc2 66.Ba1 Ke6 67.h5 Rg2+ 68.Kh7 Kf7 69.e6+ Kxe6 70.h6 Kf7 71.Bc3 Rg5
72.Bd2 Rd5 73.Bc3 a5  0-1

[Event "Torch Real Estate Cup"]
[Site "Jinan CHN"]
[Date "2005.04.23"]
[Round "4"]
[White "Zhao Xue"]
[Black "Xiu Deshun"]
[Result "1-0"]
[WhiteElo "2478"]
[BlackElo "2343"]

1.d4 Nf6 2.Nf3 g6 3.c4 Bg7 4.Nc3 O-O 5.e4 d6 6.Be2 e5 7.Be3 Ng4 8.Bg5 f6
9.Bh4 g5 10.Bg3 Nh6 11.d5 f5 12.exf5 g4 13.Nd2 Bxf5 14.Nde4 Nd7 15.O-O Qe7
16.Re1 a5 17.a3 Nf6 18.Bh4 Qe8 19.Bxf6 Bxf6 20.c5 Be7 21.Qb3 Rb8 22.Bd3 Bxe4
23.Rxe4 Qf7 24.Qc2 Qg7 25.Qe2 dxc5 26.Rxe5 Bf6 27.Re6 Bd4 28.Rf1 Rf7 29.Nb5 Bf6
30.Qe3 b6 31.d6 c6 32.Nc7 Bg5 33.Qe4 Rbf8 34.Re8 Rxe8 35.Qxe8+ Rf8 36.Qxc6 Qf7
37.Qxb6 Bf4 38.Qxc5 Qf6 39.Ne6  1-0

[Event "Heroes Day Candidates"]
[Site "Bridgetown BAR"]
[Date "2005.04.28"]
[Round "1"]
[White "Merritt,M"]
[Black "Singh,Rav"]
[Result "0-1"]
[WhiteElo "2152"]
[BlackElo "2074"]

1.c4 Nf6 2.Nc3 g6 3.e4 d6 4.d4 Bg7 5.Be2 e5 6.Nf3 Nbd7 7.O-O O-O 8.h3 exd4
9.Nxd4 Re8 10.Bf3 Ne5 11.Be2 Ned7 12.Bf3 Nc5 13.Re1 Nfd7 14.Be3 Ne5 15.Be2 Ne6
16.Qd2 Nc6 17.Nxe6 fxe6 18.c5 dxc5 19.Qxd8 Rxd8 20.Bxc5 b6 21.Be3 Nd4 22.Rad1 Nxe2+
23.Rxe2 Rxd1+ 24.Nxd1 Bb7 25.f3 Rd8 26.Rd2 Rxd2 27.Bxd2 Ba6 28.Bc3 c5 29.Kf2 Bd4+
30.Bxd4 cxd4 31.e5 g5 32.g3 Kf7 33.b3 Kg6 34.g4 Kf7 35.Nb2 Ke7 36.f4 h6 37.Kg3 Bb7
38.h4 gxh4+ 39.Kxh4 Be4 40.Nc4 b5 41.Nd2 Bg6 42.Nf3 d3 43.Kg3 Kd7 44.Kf2 Kc6
45.Ke3 Kd5 46.a3 a5 47.Nd2 a4 48.bxa4 bxa4 49.Nf3 Kc5 50.Kd2 Be4 51.Nh4 Kd4
52.g5 hxg5 53.fxg5 Kxe5 54.Ke3 Kd5 55.Kd2 e5 56.Ke3 Ke6 57.Kd2 Kf7 58.Ke3 Bg6
59.Nxg6 Kxg6 60.Kxd3 Kxg5 61.Ke4 Kf6 62.Ke3 Kf5 63.Kf3 e4+ 64.Kf2 Ke5 65.Ke3 Kd5
66.Kd2 Kc4 67.Ke3 Kb3 68.Kxe4 Kxa3 69.Kd3 Kb2  0-1

[Event "SME Open"]
[Site "Ostrava CZE"]
[Date "2005.04.30"]
[Round "1"]
[White "Gil,K"]
[Black "Firt,S"]
[Result "0-1"]
[WhiteElo "2086"]
[BlackElo "2349"]

1.Nf3 Nf6 2.c4 g6 3.Nc3 Bg7 4.e4 d6 5.d4 O-O 6.Be2 e5 7.d5 a5 8.Bg5 h6 9.Bh4 Na6
10.O-O Nc5 11.Nd2 Bd7 12.b3 h5 13.Rb1 Bh6 14.f3 Be3+ 15.Bf2 Bxf2+ 16.Rxf2 h4
17.a3 Nh5 18.b4 axb4 19.axb4 Na4 20.Qc1 Qg5 21.Nd1 c5 22.b5 Nb6 23.Bf1 f5
24.Qb2 h3 25.g3 f4 26.g4 Bxg4 27.fxg4 Qxg4+ 28.Kh1 Ng3+ 29.Kg1 Ne2+  0-1

[Event "ch-FRA Top 16 Poule Basse"]
[Site "Port Barcares FRA"]
[Date "2005.05.04"]
[Round "8"]
[White "Assad,K"]
[Black "Lallemand,R"]
[Result "1/2-1/2"]
[WhiteElo "2051"]
[BlackElo "2303"]

1.d4 g6 2.c4 Bg7 3.Nf3 Nf6 4.Nc3 O-O 5.e4 d6 6.Be2 Nbd7 7.O-O e5 8.Re1 c6
9.d5 Nc5 10.Nd2 a5 11.b3 Ne8 12.a3 f5 13.f3 Nf6 14.Rb1 Bh6 15.b4 Na6 16.Kh1 axb4
17.axb4 Nh5 18.Nf1 Bxc1 19.Qxc1 c5 20.bxc5 Nxc5 21.g3 fxe4 22.Nxe4 Nxe4 23.fxe4 Qf6
24.Qe3 Rf7 25.Nd2 Bh3 26.Nf3 h6 27.Ng1 Bc8 28.Rf1 Qg5 29.Qxg5 hxg5 30.Rxf7 Kxf7
31.Nf3 g4 32.Nh4 Ra2 33.Rf1+ Nf6 34.Bd1 Kg7 35.Re1 Ra1 36.Ng2 Nxe4 37.Ne3 Nf2+
38.Kg2 Nxd1 39.Rxd1 Ra2+ 40.Kg1 Re2 41.Rd3 Rb2 42.c5 dxc5 43.d6 Bd7 44.Nc4 Rb1+
45.Kf2 Kf6 46.Rd5 Rc1 47.Rxc5 Be6 48.d7 Ke7 49.Rxe5 Kxd7 50.Ne3 Rb1 51.Rg5 b5
52.Nxg4 b4 53.Rxg6 b3 54.Ne5+ Kd6 55.Nc4+ Ke7 56.Nd2 Rh1 57.Nxb3 Bxb3  1/2-1/2

[Event "ch-FRA National 1"]
[Site "Lille FRA"]
[Date "2005.05.05"]
[Round "8"]
[White "Lepan,M"]
[Black "Leroy,C"]
[Result "1-0"]
[WhiteElo "2216"]
[BlackElo "2144"]

1.Nf3 Nf6 2.c4 g6 3.Nc3 Bg7 4.d4 O-O 5.e4 d6 6.Be2 e5 7.Be3 Nc6 8.d5 Ne7
9.Nd2 Ne8 10.c5 f5 11.f3 h5 12.Nc4 Bf6 13.b4 Kh7 14.Qb3 Bh4+ 15.g3 f4 16.Bf2 Bg5
17.Qc2 Bh3 18.Rg1 Ng8 19.Qd3 Nh6 20.Nd2 Nf7 21.O-O-O a5 22.b5 Bd7 23.c6 bxc6
24.dxc6 Be6 25.a4 Bh6 26.Kb2 Nf6 27.Nd5 Rb8 28.Qb3 Ng5 29.Bc4 Nxd5 30.exd5 Bf5
31.g4 hxg4 32.fxg4 Bc8 33.h4 Nf7 34.Bd3 e4 35.Bxe4 Bg7+ 36.Ka2 Kg8 37.Nf3 Ne5
38.Nxe5 Bxe5 39.Bxg6 f3 40.Bf5 Kh8 41.Qxf3 Qf6 42.Rgf1 Bxf5 43.gxf5 Qxf5
44.Qxf5 Rxf5 45.Bd4 Rh5 46.Bxe5+ Rxe5 47.Rf7 Re4 48.Ka3 Rg8 49.Rd3 Rgg4 50.Rxc7 Rxa4+
51.Kb3 Rgb4+ 52.Kc3 Ra3+ 53.Kd2 Ra2+ 54.Ke3 Rxb5 55.Rd7 Rc2 56.Kf4 Rc4+ 57.Kf5 Rxc6
58.Ke6 Rc4 59.Rf3 Rb8 60.h5 Rh4 61.Kxd6 Rxh5 62.Kc7 Ra8 63.Kb7 Rg8 64.Ra3 Rh1
65.Rxa5 Rb1+ 66.Kc7 Rc1+ 67.Kd6 Rg6+ 68.Ke5 Re1+ 69.Kf5 Rg8 70.Raa7 Rf8+
71.Rf7 Rf1+ 72.Ke6 Re1+ 73.Kd6 Rc8 74.Rh7+ Kg8 75.Rag7+ Kf8 76.Rh8+ Kxg7
77.Rxc8 Kf7 78.Kd7 Rd1 79.d6 Rd2 80.Rc1 Rd3 81.Kc7 Ke8 82.Re1+ Kf8 83.d7 Rc3+
84.Kb6 Rb3+ 85.Kc5 Rb8 86.Kc6 Ra8 87.Kb7  1-0

[Event "23rd Liechtenstein Open"]
[Site "Triesen LIE"]
[Date "2005.05.05"]
[Round "7"]
[White "Johnsen,G"]
[Black "Moes,W"]
[Result "1-0"]
[WhiteElo "2233"]
[BlackElo "2022"]

1.d4 Nf6 2.c4 g6 3.Nc3 Bg7 4.e4 d6 5.Nf3 O-O 6.Be2 Na6 7.O-O e5 8.Re1 c6
9.Bf1 exd4 10.Nxd4 Ng4 11.h3 Qb6 12.hxg4 Qxd4 13.Qf3 Qb6 14.Rd1 Be6 15.Rb1 Qc5
16.a3 Rad8 17.Bf4 Be5 18.b4 Qb6 19.c5 Qc7 20.cxd6 Bxd6 21.Rxd6 Rxd6 22.Qg3 Rfd8
23.Rd1  1-0

[Event "ch-FRA National 1"]
[Site "Lille FRA"]
[Date "2005.05.06"]
[Round "9"]
[White "Bardel,S"]
[Black "Chomet,P"]
[Result "1/2-1/2"]
[WhiteElo "2277"]
[BlackElo "2330"]

1.Nf3 d6 2.c4 g6 3.Nc3 Bg7 4.d4 Nd7 5.e4 e5 6.Be2 Ngf6 7.O-O O-O 8.Qc2 c6
9.Rd1 Qe7 10.dxe5 dxe5 11.a3 Nh5 12.b4 Nf4 13.c5 Nf6 14.Be3 Ng4 15.Bxf4 exf4
16.Rd6 Ne5 17.Rad1 a5 18.b5 Nxf3+ 19.Bxf3 Qe5 20.Na4 cxb5 21.Nb6 Rb8 22.Rb1 Be6
23.Rxb5 Qa1+ 24.Qd1 Qxa3 25.Rd3 Qa2 26.Rd2 Qa3 27.Rd3 Qa2 28.Rd2 Qa3 29.Rd3  1/2-1/2

[Event "ch-FRA National 1"]
[Site "Lille FRA"]
[Date "2005.05.06"]
[Round "9"]
[White "Guichard,P"]
[Black "Sonnet,JP"]
[Result "1/2-1/2"]
[WhiteElo "2072"]
[BlackElo "2086"]

1.d4 Nf6 2.Nf3 g6 3.c4 Bg7 4.Nc3 O-O 5.e4 d6 6.Be2 e5 7.dxe5 dxe5 8.Qxd8 Rxd8
9.Bg5 c6 10.Nxe5 Re8 11.O-O-O Na6 12.f4 h6 13.Bh4 Nc5 14.Bf3 g5 15.Bf2 Ne6
16.Nxf7 Kxf7 17.e5 Nxf4 18.exf6 Bxf6 19.Ne4 Be5 20.Nd6+ Bxd6 21.Rxd6 Bf5
22.Rhd1 Re6 23.Rd7+ Re7 24.Rxe7+ Kxe7 25.Bd4 g4 26.Re1+ Kf7 27.Be2 Re8 28.Kd2 Rd8
29.Kc3 Re8 30.Kd2 b6 31.g3 Rd8 32.Kc3 c5 33.gxf4 cxd4+ 34.Kd2 d3 35.Bf1 Rd4
36.b3 Kf6 37.Re3 Rxf4 38.Bxd3 Bxd3 39.Kxd3 Rf2 40.Re2 Rf3+ 41.Kd4 Rf5 42.b4 a5
43.a3 h5 44.c5 axb4 45.axb4 Rf4+ 46.Kd5 bxc5 47.bxc5  1/2-1/2

[Event "SME Open"]
[Site "Ostrava CZE"]
[Date "2005.05.06"]
[Round "7"]
[White "Pardy,M"]
[Black "Chladny,R"]
[Result "0-1"]
[WhiteElo "2042"]
[BlackElo "2086"]

1.Nf3 Nf6 2.c4 g6 3.Nc3 Bg7 4.e4 d6 5.d4 O-O 6.Be2 e5 7.d5 a5 8.Bg5 h6 9.Bh4 Na6
10.O-O Qe8 11.b3 Nh7 12.Rb1 g5 13.Bg3 f5 14.exf5 Bxf5 15.Rc1 Nc5 16.a3 Qg6
17.b4 axb4 18.axb4 Nd3 19.Bxd3 Bxd3 20.Ne2 Ra2 21.Re1 h5 22.h3 h4 23.Bh2 e4
24.Nd2 Qf6 25.f3 Qb2  0-1

[Event "SME Open"]
[Site "Ostrava CZE"]
[Date "2005.05.06"]
[Round "7"]
[White "Kozak,Mi"]
[Black "Ondrejat,M"]
[Result "1-0"]
[WhiteElo "2257"]
[BlackElo "2117"]

1.d4 Nf6 2.c4 g6 3.Nc3 Bg7 4.e4 O-O 5.Nf3 d6 6.Be2 e5 7.Be3 Ng4 8.Bg5 f6
9.Bc1 Nc6 10.d5 Ne7 11.h3 Nh6 12.h4 c6 13.h5 g5 14.Nh2 c5 15.Ng4 Nxg4 16.Bxg4 h6
17.Bxc8 Qxc8 18.g4 Qd7 19.a3 a5 20.f3 Rfb8 21.Qb3 b6 22.Bd2 Bf8 23.Ke2 Kf7
24.Qb5 Ke8 25.Qxd7+ Kxd7 26.Nb5 Nc8 27.b4 axb4 28.axb4 Rxa1 29.Rxa1 Be7 30.Kd3 Bd8
31.Kc2 Bc7 32.Kb3 Bd8 33.Ra4 Bc7 34.Na7 Nxa7 35.Rxa7 Rc8 36.Ka4 Rb8 37.Kb5 Rc8
38.Ra6 Rb8 39.Be3 Rc8 40.Ra7 Rb8 41.Bf2 Rc8 42.Be1 Rb8 43.Bc3 Rc8 44.bxc5 dxc5
45.Bd2 Rb8 46.Be3 Kd6 47.Ra6 Kd7 48.d6 Bd8 49.Bd2 Kxd6 50.Ba5 Bc7 51.Bxb6 Rb7
52.Ka5 Rxb6 53.Rxb6+ Kd7 54.Kb5 Bxb6 55.Kxb6 Kd6 56.Kb5  1-0

[Event "FSGM May"]
[Site "Budapest HUN"]
[Date "2005.05.07"]
[Round "1"]
[White "Gonda,L"]
[Black "Koneru,H"]
[Result "1/2-1/2"]
[WhiteElo "2416"]
[BlackElo "2508"]

1.d4 Nf6 2.Nf3 g6 3.c4 Bg7 4.Nc3 O-O 5.e4 d6 6.Be2 Nbd7 7.O-O e5 8.Qc2 Re8
9.d5 Nh5 10.g3 Bf8 11.Be3 Ng7 12.Ne1 f5 13.f3 Be7 14.Nd3 Nf6 15.c5 h5 16.cxd6 cxd6
17.Nf2 h4 18.g4 fxg4 19.fxg4 Bd7 20.Rac1 Rf8 21.Nb5 a6 22.Na3 b5 23.Qd2 Nh7
24.Nh3 Nf6 25.Nf2 Nh7 26.Nh3 Nf6 27.Nf2  1/2-1/2